000 01180nmc a2200373 a 4500
003 AR-BaBNM
005 20251128205012.0
008 011101s1989 ||||||||||||||000 | spa||
020 _a950-503-176-9
040 _cAR-BaBNM
100 1 _aElola, Hilda
245 1 0 _aTeatro para maestros
_bel juego dramático para la expresión creadora
250 _a1ª ed.
260 _aBuenos Aires
_bMarymar
_c1989
300 _a192 p.
_bdiagr., il, tablas
490 0 _aEl maestro en su acción cotidiana
504 _aBibliografía especial de expresión dramática: p. 179-184
504 _aBibliografía especial de expresión dramática: p. 185-188
600 1 4 _aStanislavsky, Konstantin Sergeevic
650 4 _aTEATRO
650 4 _aTEATRO ESCOLAR
650 4 _aDRAMATIZACION
650 4 _aENSENANZA DE ARTE DRAMATICO
650 4 _aPLANIFICACION DEL CURRICULO
650 4 _aTALLERES DE ARTE DRAMATICO
650 4 _aJUEGO
653 _aEDUCACION PRIMARIA
653 _aEDUCACION SECUNDARIA
653 _aPROCESO DE ENSENANZA-APRENDIZAJE
700 1 _aGené, Juan Carlos
_eprologuista
800 1 _aRatto, Jorge A.
_edirector
942 _cBK
998 _cSILVI
999 _c9647
_d9647